Bim, bam, boom (Record no. 114344)

MARC details
000 -LEADER
fixed length control field 01200cad a22002295a 4500
001 - CONTROL NUMBER
control field L156652
008 - FIXED-LENGTH DATA ELEMENTS--GENERAL INFORMATION
fixed length control field 120618s2012 xxkqr p 0 a0eng u
035 ## - SYSTEM CONTROL NUMBER
System control number (Sirsi) u156652
041 0# - LANGUAGE CODE
Language code of text/sound track or separate title eng
100 1# - MAIN ENTRY--PERSONAL NAME
Personal name Kuiper, Ilsa
110 2# - MAIN ENTRY--CORPORATE NAME
Corporate name or jurisdiction name as entry element Clayton UTZ
245 00 - TITLE STATEMENT
Title Bim, bam, boom
Remainder of title is building information modelling coming to a building project near you soon?
Medium [electronic resource]
260 ## - PUBLICATION, DISTRIBUTION, ETC.
Place of publication, distribution, etc. Sydney
Name of publisher, distributor, etc. [s.n.]
Date of publication, distribution, etc. 2012
520 ## - SUMMARY, ETC.
Summary, etc. This article looks at the widespread adoption of BIM in Australia and discusses how a number of challenges will need to be overcome including industry acceptance and use, an evolving BIM workforce and expertise, establishment of recognised/accepted standards and protocols and legal considerations.
590 ## - LOCAL NOTE (RLIN)
Local note KA NTK
650 24 - SUBJECT ADDED ENTRY--TOPICAL TERM
Topical term or geographic name entry element BUILDING INFORMATION MODELLING
651 #4 - SUBJECT ADDED ENTRY--GEOGRAPHIC NAME
Geographic name Australia
690 ## - LOCAL SUBJECT ADDED ENTRY--TOPICAL TERM (OCLC, RLIN)
Topical term or geographic name as entry element BIM
9 (RLIN) 6219
700 1# - ADDED ENTRY--PERSONAL NAME
Personal name Misko, Marko
856 40 - ELECTRONIC LOCATION AND ACCESS
Uniform Resource Identifier <a href="https://www.mondaq.com/australia/x/179046/Building+Construction/BIM+BAM+BOOM+is+Building+Information+Modelling+coming+to+a+building+project+near+you+soon&email_access=on">https://www.mondaq.com/australia/x/179046/Building+Construction/BIM+BAM+BOOM+is+Building+Information+Modelling+coming+to+a+building+project+near+you+soon&email_access=on</a>
Public note Register to view the article free of charge at www.mondaq.com and find out about subscribing to free Mondaq News Alerts
942 ## - ADDED ENTRY ELEMENTS (KOHA)
Suppress in OPAC 0
Holdings
Withdrawn status Lost status Source of classification or shelving scheme Damaged status Not for loan Home library Current library Shelving location Date acquired Total Checkouts Full call number Barcode Date last seen Copy number Price effective from Koha item type
    Dewey Decimal Classification     Virtual Virtual Online 18/06/2012   ONLINE PUBLICATION 156652-2001 06/08/2019 1 06/08/2019 Book